000
00296nam a22001457a 4500
003
SGT
082
_a
346,AIY
100
_a
AIYAR,S.K
245
_a
LAW OF INSOLVENCY
250
_a
7TH
260
_a
NEW DELHI
_b
UNIVERSAL BOOK
_c
2013
300
_a
698
650
_a
INSOLVENCY
942
_2
ddc
_c
BK
_0
11
999
_c
9897
_d
9897